Assessing subjectivity in the valuation of retail properties in Spain (Record no. 77480)

MARC details
000 -LEADER
fixed length control field 01164cab a2200193 4500
001 - CONTROL NUMBER
control field ##L134362
008 - FIXED-LENGTH DATA ELEMENTS--GENERAL INFORMATION
fixed length control field 060731n2006 000 0 eng u
035 ## - SYSTEM CONTROL NUMBER
System control number (Sirsi) u134362
041 0# - LANGUAGE CODE
Language code of text/sound track or separate title eng
100 1# - MAIN ENTRY--PERSONAL NAME
Personal name Taltavull de la Paz, Paloma
245 00 - TITLE STATEMENT
Title Assessing subjectivity in the valuation of retail properties in Spain
260 ## - PUBLICATION, DISTRIBUTION, ETC.
Date of publication, distribution, etc. 2006
490 #0 - SERIES STATEMENT
Series statement Journal of Property Research
Volume/sequential designation 23(1) March 2006, 53-74(22)
520 ## - SUMMARY, ETC.
Summary, etc. The extent to which subjective influences affect assessed valuations is an under-researched area. Valuation practice within Spain is seemingly less developed than in the UK and other western European countries and explicitly allows for subjective adjustments. This study seeks to quantify the impact of this effect on the valuation of retail property. Results show that subjectivity corrects the model by as much as 12%. Demonstrates that the variables with the greatest impact are age of property and construction quality rather than economic/market factors. [Taken from journal abstract].
651 #4 - SUBJECT ADDED ENTRY--GEOGRAPHIC NAME
Geographic name SPAIN
690 ## - LOCAL SUBJECT ADDED ENTRY--TOPICAL TERM (OCLC, RLIN)
Topical term or geographic name as entry element PROPERTY-PROPERTY VALUATION AND APPRAISAL-VALUATION ACCURACY
700 1# - ADDED ENTRY--PERSONAL NAME
Personal name McGreal, Stanley
942 ## - ADDED ENTRY ELEMENTS (KOHA)
Suppress in OPAC 0
Holdings
Withdrawn status Lost status Source of classification or shelving scheme Damaged status Not for loan Home library Current library Shelving location Date acquired Total Checkouts Full call number Barcode Date last seen Copy number Price effective from Koha item type
    Dewey Decimal Classification     London London Journal article 31/07/2006   L134362 134362-1001 06/08/2019 1 06/08/2019 Journal article